Movies Quiz

Random Movies or Director Quiz

Harold Ramis Movies Quiz Stats

 Plays Quiz Updated Dec 8, 2015

Also try: Dan Aykroyd Movies
Challenge
Share
Tweet
Embed
Score 0/11 Timer 05:00
2 Plays Today
Year Movie % Correct
1980Caddyshack
71.5%
1993Groundhog Day
71.3%
1983National Lampoon's Vacation
32.4%
1999Analyze This
32.4%
2009Year One
31%
2002Analyze That
29.8%
2000Bedazzled
22.2%
1996Multiplicity
20.2%
2005The Ice Harvest
17.5%
1986Club Paradise
15.9%
1995Stuart Saves His Family
14.2%

You're not logged in!

Compare scores with friends on all Sporcle quizzes.
OR
Log In

You Might Also Like...

Show Comments

Extras

Top Quizzes Today


Score Distribution

Your Account Isn't Verified!

In order to create a playlist on Sporcle, you need to verify the email address you used during registration. Go to your Sporcle Settings to finish the process.

Report this User

Report this user for behavior that violates our Community Guidelines.

Details: